00470nam a2200133 i 450000100060000000300090000600500170001500700030003200800410003510000160007624501880009226000310028085200250031123277ES-MaACL20230906152838.0t|021210s1870 xxk ||||1| spa d1 aAlvarez, J.13aLa deuda extranjera en España 1822-1870 b: reseña de las varias conversiones, un estudio demostrativo del resultado para el Gobierno y los poseedores de títulos / cJ. Alvarez. aLondon : b[s.n.], c1870. aES-MaACLjT-1286-F-1